Spend now, pay later? tax smoothing and fiscal sustainability in south Asia
Gespeichert in:
| 1. Verfasser: | |
|---|---|
| Weitere Verfasser: | , |
| Format: | Buch |
| Sprache: | Englisch |
| Veröffentlicht: |
Washington
International Monetary Fund
1999
|
| Schriftenreihe: | IMF working paper
WP/99/63 |
| Schlagworte: | |
| Tags: |
Keine Tags, Fügen Sie das erste Tag hinzu!
|
MARC
| LEADER | 00000nam a2200000 4500 | ||
|---|---|---|---|
| 001 | c116324 | ||
| 005 | 20221221083631.0 | ||
| 041 | 0 | |a eng | |
| 044 | |a US | ||
| 245 | 1 | 0 | |a Spend now, pay later? |b tax smoothing and fiscal sustainability in south Asia |c Prepared by Paul Cashin, Nadeem Haque, and Nilss Olekalns |
| 264 | 1 | |a Washington |b International Monetary Fund |c 1999 | |
| 300 | |a 34 s. | ||
| 490 | 1 | |a IMF working paper |v WP/99/63 | |
| 830 | 0 | |a IMF working paper |v WP/99/63 | |
| 610 | 2 | 0 | |a dane |
| 610 | 2 | 0 | |a výdavky |
| 610 | 2 | 0 | |a vyrovnanie daňové |
| 610 | 2 | 0 | |a politika fiškálna |
| 610 | 2 | 0 | |a financie verejné |
| 610 | 2 | 0 | |a modely |
| 610 | 2 | 0 | |a Ázia |
| 610 | 2 | 0 | |a Srí Lanka |
| 610 | 2 | 0 | |a Pakistan |
| 100 | 1 | |a Cashin, Paul | |
| 700 | 1 | |a Haque, Nadeem | |
| 700 | 1 | |a Olekalns, Nilss | |